Statistics for AHL Cities 2014

Click here to take the quiz!

General Stats

  • This quiz has been taken 41 times
  • The average score is 16 of 30

Answer Stats

HintAnswer% Correct
Boston BruinsProvidence, RI
86%
New Jersey DevilsAlbany, NY
79%
Buffalo SabresRochester, NY
79%
St Louis BluesRosemont, IL
79%
Toronto Maple LeafsToronto, ON
79%
Detroit Red WingsGrand Rapids, MI
75%
Tampa Bay LightningSyracuse, NY
71%
Colorado AvalancheCleveland, OH
64%
Carolina HurricanesCharlotte, NC
61%
New York RangersHartford, CT
61%
Nashville PredatorsMilwaukee, WI
57%
Arizona CoyotesPortland, ME
57%
Vancouver CanucksUtica, NY
57%
Pittsburgh PenguinsWilkes-Barre, PA
57%
Ottawa SenatorsBinghamton, NY
54%
Montreal CanadiensHamilton, ON
54%
Los Angeles KingsManchester, NH
54%
Edmonton OilersOklahoma City, OK
54%
Columbus Blue JacketsSpringfield, MA
54%
Washington CapitalsHershey, PA
50%
Minnesota WildDes Moines, IA
46%
Florida PanthersSan Antonio, TX
46%
New York IslandersBridgeport, CT
43%
Chicago BlackhawksRockford, IL
43%
San Jose SharksWorcester, MA
43%
Anaheim DucksNorfolk, VA
39%
Winnipeg JetsSt. John's, NL
21%
Dallas StarsCedar Park, TX
18%
Calgary FlamesGlens Falls, NY
18%
Philadelphia FlyersAllentown, PA
14%

Score Distribution

Percentile by Number Answered

Percent of People with Each Score

Your Score History

You have not taken this quiz